00936cam a22001697a 4500020001800000082001600018100001800034245004200052250001200094260005200106300002500158505049000183650002100673650002000694650002300714650002900737 a978085404620104a574.526 LAN1 aLancaster, M.10aGreen chemistry :an introductory text a2nd ed. aCambridge :bRoyal Society of Chemistry,c2002. axv, 328 p. :bill. ;0 a1. Principles and concepts of Green Chemistry -- 2. Waste: production, problems, and prevention -- 3. Measuring and controlling environmental performance -- 4. Catalysis and Green Chemistry -- 5. Organic solvents: environmentally benign solutions -- 6. Renewable resources -- 7. Emerging greener technologies and alternative energy sources -- 8. Designing greener processes -- 9. Industrial case studies -- 10. The future's green: an integrated approach to a greener chemical industry. 0aGreen chemistry.07aGrüne Chemie.07aTechnische Chemie.07aUmweltverträglichkeit.